Les chansons de PLK - Mort subite #1 - Statistiques

Statistiques générales
  • Ce quiz a été pris 2 723 fois
    2 715 depuis la dernière actualisation
  • Le résultat moyen est 12 sur 16
Answers on the Grid
Answers color-coded by a green-red scale on the quiz's grid according to % correct below.
Nouvelles
Demain
Hier
J'attends
En mieux
Émotif
Un peu de haine
Tout recommencer
Attentat
Pourtant
Copine
Hola
Il pleut à Paris
Pilote
Hubert et Saïd
Bikini Bottom
Quoi de neuf bébé
J'allume
Je m'envole
Après demain
Photo de classe
Martini
Slowdown
Tour en ville
Le cœur des filles
Si j'savais
Autotune
Introduction
Nos souvenirs
La clé
 
Statistiques - réponses
Réponse % Correct
Émotif
87%
Un peu de haine
85%
Attentat
83%
Copine
83%
Pilote
83%
Nouvelles
81%
Il pleut à Paris
80%
Demain
79%
Hola
72%
Bikini Bottom
70%
Hubert et Saïd
69%
Tout recommencer
69%
Pourtant
64%
En mieux
58%
Hier
55%
J'attends
42%
Aucun quiz correspondant
Distribution des résultats
% des personnes avec chaque résultat
Percentile par nombre de réponses
Votre historique - résultats
Vous n’avez pas pris ce quiz depuis la dernière actualisation